000 nam a22 7a 4500
999 _c10707
_d10707
008 180220b ||||| |||| 00| 0 eng d
100 _aShrimati,D.S.
_96569
245 _aLearnwell Science-3
260 _aUP
_bHolyfaith